2002 durjana : Himpunan kisah insan derhaka

Bibliographic Details
Main Author: Muhammad Isa Selamat
Corporate Author: Title
Other Authors: Syahrin Jasah
Format: Book
Published: Kuala Lumpur : Darul Nu'man , 2000
Subjects:

MARC

LEADER 00000cam a2200000 7i4500
001 0000013237
005 20080109.0
008 080109
020 |a 9830462587 
090 0 0 |a 297.18   |b MUH 
100 0 |a Muhammad Isa Selamat 
245 1 0 |a 2002 durjana :   |b Himpunan kisah insan derhaka   |c Muhammad Isa Selamat 
260 |a Kuala Lumpur :   |b Darul Nu'man ,   |c 2000 
650 0 |a Islamic stories   |x Malay 
650 0 |a Islam   |x Doctrines 
700 0 |a Syahrin Jasah 
710 0 |a Title 
740 0 |a Dua ribu dua durjana:Himpunan kisah insan derhaka 
999 |a 0001005252   |b Book   |c Adult Collection   |e Cawangan Sri Merlong 
999 |a 0001005253   |b Book   |c Adult Collection   |e Perbadanan Perpustakaan Awam Johor 
999 |a 0001005254   |b Book   |c Adult Collection   |e Cawangan Tangkak